Использование электрохимических методов анализа в учебно-лабораторном комплексе "Биотехнология"; Электрохимические методы анализа: теория и практика

Dades bibliogràfiques
Parent link:Электрохимические методы анализа: теория и практика.— 2010.— С. 63-65
Altres autors: Бакибаев А. А. Абдигали Абдиманапович, Тартынова М. И. Марина Игоревна, Медведев Д. М. Дмитрий Михайлович, Халенов О. С., Мустафин Е. С.
Idioma:rus
Publicat: 2010
Matèries:
Format: MixedMaterials Capítol de llibre
KOHA link:https://koha.lib.tpu.ru/cgi-bin/koha/opac-detail.pl?biblionumber=191401

MARC

LEADER 00000naa2a2200000 4500
001 191401
005 20231031180715.0
035 |a (RuTPU)RU\TPU\book\208702 
090 |a 191401 
100 |a 20110204d2010 k y0rusy50 ca 
101 0 |a rus 
102 |a RU 
200 1 |a Использование электрохимических методов анализа в учебно-лабораторном комплексе "Биотехнология"  |f А. А. Бакибаев [и др.] 
463 0 |0 (RuTPU)RU\TPU\book\202404  |t Электрохимические методы анализа: теория и практика  |o научно-практическая конференция, Томск, 3-4 сентября 2010 г.  |f Национальный исследовательский Томский политехнический университет (ТПУ), Институт природных ресурсов, Кафедра физической и аналитической химии  |v С. 63-65  |d 2010  |p 94 с. 
610 1 |a электрохимические методы 
610 1 |a анализ 
610 1 |a учебно-лабораторные комплексы 
610 1 |a биотехнология 
610 1 |a лабораторные работы 
610 1 |a труды учёных ТПУ 
701 1 |a Бакибаев  |b А. А.  |c химик  |c профессор Томского политехнического университета, доктор химических наук  |f 1960-  |g Абдигали Абдиманапович  |2 stltpush  |3 (RuTPU)RU\TPU\pers\27073 
701 1 |a Тартынова  |b М. И.  |c российский химик  |c доцент Томского политехнического университета  |g Марина Игоревна  |2 stltpush  |3 (RuTPU)RU\TPU\pers\27799 
701 1 |a Медведев  |b Д. М.  |c специалист в области микропримесей  |c инженер-проектировщик Томского политехнического университета  |g Дмитрий Михайлович  |2 stltpush  |3 (RuTPU)RU\TPU\pers\27800 
701 1 |a Халенов  |b О. С. 
701 1 |a Мустафин  |b Е. С. 
801 1 |a RU  |b 63413507  |c 20110204 
801 2 |a RU  |b 63413507  |c 20150608  |g RCR 
942 |c BK